000 00397nam a22001337a 4500
082 _a330.5491
_bPAK
110 _aMinistry of Finance
_937879
245 _aPakistan economic survey 1966-67
_cPakistan economic survey 1966-67
260 _aKarachi
_cManager of Publication Karachi
300 _axxix, 120 p.:
526 _a0
_b0
_c0
_d330_549100000000000_PAK
650 _aMCE
_9379
942 _2ddc
_cBK
999 _c542628
_d542628